| 000 | 00698nam a2200241Ia 4500 | ||
|---|---|---|---|
| 003 | OSt | ||
| 005 | 20220926005224.0 | ||
| 006 | a|||||r|||| 00| 0 | ||
| 007 | ta | ||
| 008 | 220923b |||||||| |||| 00| 0 eng d | ||
| 020 | _a8178293234 | ||
| 037 | _cGeneral Book | ||
| 040 |
_aRTL _cRTL _beng |
||
| 041 |
_2eng _aeng |
||
| 082 | _aY9(T4).2.P, P4 | ||
| 100 |
_aChanana Karuna Ed. _9309879 |
||
| 245 | 0 | _aTransformative links between higher and basic education | |
| 260 |
_a New Delhi _bSage Publications India _c2004 |
||
| 300 |
_a335p _ccm. |
||
| 650 | _aSociology of Education | ||
| 942 |
_hY9(T4).2.P, P4 _cGB _2CC |
||
| 999 |
_c613211 _d613211 |
||